Регионална библиотека "Любен Каравелов" - Русе

Письма Л. Н. Толстого : Т. 1-2 (Запис номер 344177)

MARC детайли
000 -Лидер
Контролно поле с фиксирана дължина 01241nam a2200337 c 4500
003 - Код на организацията, давaща контролен номер
Контролно поле BLK
005 - Дата и час на последна редакция
Контролно поле 20191009090120.0
008 - Елементи от данни с фиксирана дължина
fixed length control field 180911b bul|||||r ||||||| ||bul||
010 ## - Наследен системен номер
LC control number 003842
040 ## - Източник на каталожния запис
Идентификатор на билиотеката - собственик на записа BLK
041 ## - Код за език
Код за езика на текст/звукозапис или на отделно заглавие Руски
Код за езика КДБФ Български
080 ## - УДК
УДК - код + определител 882-6
100 1# - Редна дума - Автор
Автор ТОЛСТОЙ, Лев
Авторска отговорност първи автор
R(LIN) 396705
245 00 - Сведения за заглавието
Заглавие Письма Л. Н. Толстого : Т. 1-2
Том Т. 1
Заглавие на том 1848-1910
260 ## - Област на издателските данни
Място на издаване, разпространение и проч. Москва
Име на издателя, разпространителя и проч. К-во Книга
Година на издаване 1910 - 1911
300 ## - Физическа характеристика
Страници 367 с
Размери/Мащаб 24 см
380 ## - Жанр
Жанр Литературознание
490 ## - СЕРИИ (Колекции)
Име на серия Библиотека русских критиков
490 ## - СЕРИИ (Колекции)
Име на серия Частна колекция - Академик Михаил Арнаудов
Бележки за серията Дарение - Основен фонд
490 ## - СЕРИИ (Колекции)
Име на серия Письма Л. Н. Толстого
9 (RLIN) 399809
Авторска отговорност ТОЛСТОЙ, Лев
500 ## - Общи забележки
Забележка Т. 1 1848-1910; Т. 2 1855-1910 ;Михаил Арнаудов: негови-книга ; в текста и бележки по полетата.
520 ## - Забележка за наличие на резюме, анотация и т.н
Анотация, рецензия, сканиран текст
653 ## - Ключова дума – ненормативна
Ключова дума епос
653 ## - Ключова дума – ненормативна
Ключова дума писма
655 ## - Ключова дума – жанр/разновидност
Данни за жанр/разновидност или ключова дума за фокус руска литература
700 1# - Други автори (авторска отговорност)
Лично име Л. Н. Толстой
9 (RLIN) 396721
700 1# - Други автори (авторска отговорност)
Лично име П. А. Сергиенко
Автороска отговорност (Описва отношението между автора и произведението) Собр. и ред.
9 (RLIN) 396722
852 ## - Местоположение
Форматна сигнатура МА 193
Фондова буква Фонд "Михаил Арнаудов"
999 ## - СИСТЕМНИ КОНТРОЛНИ НОМЕРА
Koha biblionumber 344177
Koha biblioitemnumber 344177
942 ## - АРТИКУЛИ
Вид на библиотечния материал Книги
Скрит в OPAC Не
Периодичен библиозапис Да
944 ## - СЪЗДАВАНЕ И РЕДАКЦИЯ на ЗАПИСА
Създаване/Редакция Създаване
Дата на регистрацията/редакция 1995
Служител, извършил регистрацията/редакцията ValK
999 ## - СИСТЕМНИ КОНТРОЛНИ НОМЕРА
Koha biblioitemnumber 344177
999 ## - СИСТЕМНИ КОНТРОЛНИ НОМЕРА
Koha biblioitemnumber 344177
999 ## - СИСТЕМНИ КОНТРОЛНИ НОМЕРА
Koha biblioitemnumber 344177
Наличности
Код за отписване Код за изгубен артикул Източник на класификационната схема Код за повреда Коз за рестрикции Код за отдаване Артикулен № Име на библиотеката - собственик Име на библиотеката, в която се намира в момента Статус (Текущо местоположение) Местоположение - отдел Цена в лева Номерация (Хронология) Инвентарен номер Систематично азбучна сигнатура Баркод Номер на екземпляра Цена в евро Служебен тип на артикула
  Не е изгубен Universal Decimal Classification Не е повреден без рестрикции Специални фондове ( старопечатни, редки и ценни, фонд М. Арнаудов) 744537 Регионална библиотека "Любен Каравелов" Русе Регионална библиотека "Любен Каравелов" Русе Фонд "Михаил Арнаудов" Фонд "Михаил Арнаудов" 1.00   321493 МА 193 120000321493 1 0.51 Книги
Vip Innovations Ltd, Rousse, Bulgaria 2025